| 000 | 00530nam a22001577a 4500 | ||
|---|---|---|---|
| 999 |
_c61203 _d61203 |
||
| 005 | 20240108105349.0 | ||
| 008 | 240108s1956 ru ||||| |||| 00| 0 rus d | ||
| 041 | _arus | ||
| 080 | _a14(44) M-77 | ||
| 100 |
_a Монтескье _920949 |
||
| 245 |
_aПерсидские письма / _cМонтескье. |
||
| 264 |
_aМосква : _bХудожественная литература, _c1956. |
||
| 300 |
_a398 с.; _b17 см. |
||
| 653 | _aსპარსული წერილები | ||
| 942 |
_2udc _cᲬᲘᲒᲜᲘ |
||